Statistiques concernant Culture Générale - Série 1171

Cliquez ici pour prendre le quiz!

Statistiques générales

  • Ce quiz a été pris 38 fois
  • Le résultat moyen est 6 sur 10

Statistiques - réponses

QuestionRéponse% Correct
Qu'est-ce qui peut être à bec, de Pan ou traversière ?flûte
95%
Qu'est-ce qui peut être "de Babel", "d'ivoire" quand on s'isole, ou "de contrôle" ?tour
92%
En sport, quel nom anglais désigne un concurrent ne figurant pas parmi les favoris, mais qui pourrait tout de même gagner ?outsider
86%
Combien un cube a-t-il d'arêtes ?12
81%
Quelle nationalité qualifie une cuisine ouverte sur le salon ?américaine
73%
Dans l'Antiquité, quel temple de l'Acropole d'Athènes fut décoré par le sculpteur grec Phidias ?Parthénon
65%
Quelle était la nationalité du boxeur Carlos Monzon ?argentine
51%
Quel compositeur, collaborateur de Molière, prénommé Jean-Baptiste, est considéré comme le créateur de l'opéra français ?Jean-Baptiste Lully
49%
Dans le roman “Les Misérables” de Victor Hugo, qui est le révolutionnaire amoureux de Cosette ?Marius
27%
Dans un film de Steven Spielberg, quel est le prénom du soldat Ryan recherché par Tom Hanks ?James
19%

Distribution des résultats

Percentile par nombre de réponses

% des personnes avec chaque résultat

Votre développement - résultats

Vous n’avez pas pris ce quiz